| 000 | 00569nam a2200217Ia 4500 | ||
|---|---|---|---|
| 003 | OSt | ||
| 005 | 20251129105053.0 | ||
| 008 | 210719s1992 xx 000 0 und d | ||
| 040 | _cAL | ||
| 041 | _aEnglish | ||
| 082 | _aK494E BRIO | ||
| 100 |
_aBRIGHT (William) _9247193 |
||
| 245 | _aOutline of colloquial kannada. | ||
| 260 |
_aPoona _bDeccan College _c1992 |
||
| 300 |
_aviii,75 _bPB |
||
| 365 |
_b60 _cRs |
||
| 440 |
_aLingustic survey of India series: 22 _9247194 |
||
| 650 |
_aKannada Language _9247195 |
||
| 906 | _aColloquial Kannada | ||
| 942 |
_2ddc _cBK |
||
| 999 |
_c214014 _d214014 |
||